Особенности расчетов нормальных режимов электропередач сверхвысокого напряжения (Запись № 1669056)

Подробности
000 -МАРКЕР
контрольное поле 02057nam0a2200325 4500
001 - ИДЕНТИФИКАТОР ЗАПИСИ
контрольное поле RU\NLR\bibl\289746
005 - ИДЕНТИФИКАТОР ВЕРСИИ
контрольное поле 20260406082528.0
010 ## - МЕЖДУНАРОДНЫЙ СТАНДАРТНЫЙ НОМЕР КНИГИ (ISBN)
Номер (ISBN) 5-8081-0082-8
Тираж 100
021 ## - НОМЕР ГОСУДАРСТВЕННОЙ РЕГИСТРАЦИИ
Код страны Российская Федерация
Номер 2002-1708
Номер Листа государственной регистраци 86
035 ## - ДРУГИЕ СИСТЕМНЫЕ НОМЕРА
Идентификатор записи (NLR Aleph) 000285137
100 ## - ДАННЫЕ ОБЩЕЙ ОБРАБОТКИ
Данные общей обработки 20020722d2001 |||y0rusy50 ca
101 0# - ЯЗЫК РЕСУРСА
Язык текста, звукозаписи и т.д. русский
102 ## - СТРАНА ПУБЛИКАЦИИ ИЛИ ПРОИЗВОДСТВА
Страна публикации Российская Федерация
105 ## - ПОЛЕ КОДИРОВАННЫХ ДАННЫХ: ТЕКСТОВЫЕ МАТЕРИАЛЫ, МОНОГРАФИЧЕСКИЕ
Кодированные данные о монографическом текстовом документе a |||||||||
200 1# - ЗАГЛАВИЕ И СВЕДЕНИЯ ОБ ОТВЕТСТВЕННОСТИ
Основное заглавие Особенности расчетов нормальных режимов электропередач сверхвысокого напряжения
Сведения, относящиеся к заглавию Учеб.-метод. пособие
Первые сведения об ответственности Г.К. Зарудский, П.П. Кутлер
Последующие сведения об ответственности Ин-т повышения квалификации гос. служащих Рос. акад. гос. службы при Президенте Рос. Федерации. Каф. эксплуатации электр. станций, сетей и систем
210 ## - ПУБЛИКАЦИЯ, РАСПРОСТРАНЕНИЕ И ДР.
Место издания, распространения и т.д. М.
Имя издателя, распространителя и т. д. ИПКгосслужбы
Дата издания, распространения и т.д. 2001.
215 ## - ФИЗИЧЕСКАЯ ХАРАКТЕРИСТИКА
Специфическое обозначение материала и объем 31 с.
Другие сведения о физической характеристике ил.
Размеры 21
313 ## - ПРИМЕЧАНИЯ, ОТНОСЯЩИЕСЯ К ТЕМАТИЧЕСКОМУ ДОСТУПУ
Текст примечания протяженные воздушные линии электропередач сверхвысокого напряжения
320 ## - ПРИМЕЧАНИЯ О НАЛИЧИИ В ДОКУМЕНТЕ БИБЛИОГРАФИИ / УКАЗАТЕЛЯ
Текст примечания Библиогр.: с. 29-30 (12 назв.)
606 0# - НАИМЕНОВАНИЕ ТЕМЫ КАК ПРЕДМЕТ
Наименование темы Электрические линии высокого напряжения для сверхдальних передач
Формальный подзаголовок Руководства, пособия и т.п. для высшей школы
Тематический подзаголовок Режим работы
Системный номер авторитетной/нормативной записи 2256314
Идентификатор авторитетной/нормативной записи RU\NLR\auth\661353124
606 0# - НАИМЕНОВАНИЕ ТЕМЫ КАК ПРЕДМЕТ
Наименование темы Линии электропередач высокого напряжения сверхдальние
Формальный подзаголовок Учебные издания для высшей школы
Тематический подзаголовок Режим работы
Системный номер авторитетной/нормативной записи 2256317
Идентификатор авторитетной/нормативной записи RU\NLR\auth\661353126
686 ## - ИНДЕКСЫ ДРУГИХ КЛАССИФИКАЦИЙ
Индекс З279.122-016я73-1
700 #1 - ИМЯ ЛИЦА - ПЕРВИЧНАЯ ОТВЕТСТВЕННОСТЬ
Код отношения Автор
Графика поля Кириллица
Материалы, к которым относится поле rus
Начальный элемент ввода Зарудский
Часть имени, кроме начального элемента ввода Г. К.
Даты 1938-
Расширение инициалов личного имени Георгий Константинович
Идентификатор авторитетной/нормативной записи RU\NLR\AUTH\770277257
Системный номер авторитетной/нормативной записи 2649224
701 #1 - ИМЯ ЛИЦА - АЛЬТЕРНАТИВНАЯ ОТВЕТСТВЕННОСТЬ
Начальный элемент ввода Кутлер
Часть имени, кроме начального элемента ввода П. П.
Код отношения Автор
801 #0 - ИСТОЧНИК ЗАПИСИ
Страна Российская Федерация
Организация NLR
Дата составления 20020722
Правила каталогизации PSBO
801 #1 - ИСТОЧНИК ЗАПИСИ
Страна Российская Федерация
Организация NLR
Дата составления 20020722
942 ## - ДОПОЛНИТЕЛЬНЫЕ ЭЛЕМЕНТЫ ЗАПИСИ (АБИС)
Тип экземпляра АБИС Книга
980 ## - КОЛЛЕКЦИЯ
Название коллекции Национальная библиография
Экземпляры
Тип экземпляра Дата поступления Источник поступления Библиотека постоянного хранения Библиотека текущего хранения Место хранения Шифр хранения Штрих-код Статус экземпляра
Книга 22.07.2002 Обязательный экземпляр РНБ (Московский) РНБ (Московский) Русский книжный фонд: издания с 1957 года 2002-4/9166 304713  
Книга 25.10.2002 Подсобные фонды РНБ РНБ (Московский) РНБ (Московский) Русский книжный фонд: издания с 1957 года 2002-4/9166 355852